000 00326nam a2200133Ia 4500
008 191014s9999 xx 000 0 und d
020 _a416-11790-2
082 _a537.623
_bLYN
100 _aE.A. Lynton
_920417
245 0 _aSuperconductivity
260 _aUSA
_bBarnes & Noble Inc
_c1969
300 _aX,219
942 _cBK
999 _c530999
_d530999